International economics / (Record no. 66719)

MARC details
000 -LEADER
fixed length control field 00501nam a22001577a 4500
005 - DATE AND TIME OF LATEST TRANSACTION
control field 20120516124916.0
020 ## - INTERNATIONAL STANDARD BOOK NUMBER
Terms of availability 00
035 ## - SYSTEM CONTROL NUMBER
System control number B-83878
037 ## - SOURCE OF ACQUISITION
Stock number DPL
Source of stock number/acquisition ENG
100 ## - MAIN ENTRY--PERSONAL NAME
Personal name Mithani, D.M.
245 ## - TITLE STATEMENT
Title International economics /
Statement of responsibility, etc by D.M. Mithani
260 ## - PUBLICATION, DISTRIBUTION, ETC. (IMPRINT)
Place of publication, distribution, etc Mumbai
Name of publisher, distributor, etc Himalaya Publishing House
Date of publication, distribution, etc 2003
300 ## - PHYSICAL DESCRIPTION
Extent iv, 449p.
Dimensions 22 cms.
942 ## - ADDED ENTRY ELEMENTS (KOHA)
Source of classification or shelving scheme Dewey Decimal Classification
Item type English Books
Classification part 337
Call number suffix MIT
Holdings
Withdrawn status Lost status Not for loan Collection code Home library Current library Date acquired Cost, normal purchase price Full call number Barcode Cost, replacement price Koha item type
      Non-fiction Sarojini Nagar Sarojini Nagar 16/05/2012 0.00 337 MIT B-83878 0.00 English Books

© Delhi Public Library
Hit Counter
free hit counter